Normal view
MARC view
- Ferrari Escolá, Marcela
Entry Nombre Personal
001 - NUMERO DE CONTROL
- campo de control: 59371
003 - IDENTIFICADOR DE NUMERO DE CONTROL
- campo de control: MX-MxUPN
005 - FECHA Y HORA DE LA ÜLTIMA TRANSACCIÓN
- campo de control: 20260424154045.0
008 - DATOS DE LONGITUD FIJA
- campo de control de longitud fija: 260424nn acnnnaabn a aaa d
040 ## - FUENTE DE CATALOGACIÓN
- Agencia original de catalogación: MX-MxUPN
- Lenguaje de catalogación: spa
100 1# - ENCABEZAMIENTO - NOMBRE PERSONAL
- Nombre personal: Ferrari Escolá, Marcela
400 1# - VEÁSE - NOMBRE DE PERSONA
- Personal name: Escolá, Marcela Ferrari
670 ## - FUENTE EN LA QUE SE LOCALIZARON DATOS
- Cita de la fuente: Matemáticas 1, 2012 :
- Información localizada: portada (Marcela Ferrari Escolá)
902 ## - CATALOGADOR
- Catalogador: VíctorGodínez/240426
